Moons of Jupiter - Statistics

General Stats
  • This quiz has been taken 129 times
    16 since last reset
  • The average score is 25 of 97
Answer Stats
Answer % Correct
Callisto
100%
Io
92%
Ganymede
85%
Europa
77%
Amalthea
38%
S/2003 J 10
38%
S/2003 J 12
38%
S/2003 J 16
38%
S/2003 J 18
38%
S/2003 J 19
38%
S/2003 J 2
38%
S/2003 J 23
38%
S/2003 J 24
38%
S/2003 J 4
38%
S/2003 J 9
38%
S/2010 J 1
38%
S/2010 J 2
38%
S/2011 J 1
38%
S/2011 J 2
38%
S/2011 J 3
38%
S/2016 J 1
38%
S/2016 J 3
38%
S/2016 J 4
38%
S/2017 J 1
38%
S/2017 J 10
38%
S/2017 J 11
38%
S/2017 J 2
38%
S/2017 J 3
38%
S/2017 J 5
38%
S/2017 J 6
38%
S/2017 J 7
38%
S/2017 J 8
38%
S/2017 J 9
38%
S/2018 J 2
38%
S/2018 J 3
38%
S/2018 J 4
38%
S/2021 J 1
38%
S/2021 J 2
38%
S/2021 J 3
38%
S/2021 J 4
38%
S/2021 J 5
38%
S/2021 J 6
38%
S/2022 J 1
38%
S/2022 J 2
38%
S/2022 J 3
38%
Elara
31%
Metis
31%
Thebe
31%
Adrastea
23%
Aitne
15%
Ananke
15%
Arche
15%
Callirrhoe
15%
Carme
15%
Carpo
15%
Dia
15%
Euporie
15%
Herse
15%
Himalia
15%
Iocaste
15%
Kallichore
15%
Kore
15%
Leda
15%
Megaclite
15%
Sinope
15%
Sponde
15%
Aoede
8%
Autonoe
8%
Chaldene
8%
Cyllene
8%
Eirene
8%
Erinome
8%
Ersa
8%
Euanthe
8%
Eukelade
8%
Eupheme
8%
Eurydome
8%
Harpalyke
8%
Hegemone
8%
Helike
8%
Hermippe
8%
Isonoe
8%
Kale
8%
Kalyke
8%
Lysithea
8%
Mneme
8%
Orthosie
8%
Pandia
8%
Pasiphae
8%
Pasithee
8%
Philophrosyne
8%
Praxidke
8%
Taygete
8%
Thelxinoe
8%
Themisto
8%
Thyone
8%
Valetudo
8%
No matching quizzes found
Score Distribution
Percent of People with Each Score
Percentile by Number Answered
Your Score History
You have not taken this quiz since the last reset